Library Catalog

Understanding media economics / (Record no. 492670)

MARC details
000 -LEADER
fixed length control field 01695nam a22002537a 4500
003 - CONTROL NUMBER IDENTIFIER
control field OSt
005 - DATE AND TIME OF LATEST TRANSACTION
control field 20260511144242.0
008 - FIXED-LENGTH DATA ELEMENTS--GENERAL INFORMATION
fixed length control field 260511b |||||||| |||| 00| 0 eng d
020 ## - INTERNATIONAL STANDARD BOOK NUMBER
International Standard Book Number 9781412930772
040 ## - CATALOGING SOURCE
Original cataloging agency Kenya National Library Service
082 ## - DEWEY DECIMAL CLASSIFICATION NUMBER
Classification number 338.4 DOY
100 ## - MAIN ENTRY--PERSONAL NAME
Personal name Doyle, Gillian
Relator term Author
245 ## - TITLE STATEMENT
Title Understanding media economics /
Statement of responsibility, etc. Gillian Doyle.
250 ## - EDITION STATEMENT
Edition statement Second edition.
300 ## - PHYSICAL DESCRIPTION
Extent xii, 216 pages :
Other physical details illustrations ;
Dimensions 24 cm.
504 ## - BIBLIOGRAPHY, ETC. NOTE
Bibliography, etc. note Includes bibliographical references and index.
520 ## - SUMMARY, ETC.
Summary, etc. This book provides an extremely well written and informative introduction to the subject of media economics, characterized by clarity in the explanation of concepts or frameworks and by a balanced discussion for the respective positions in areas of debate′ - Paul MacDonald, Roehampton Institute Understanding Media Economics provides a clear, precise introduction to the key economic concepts and issues affecting the media. The book: explains the fundamental concepts relevant to the study of media economics; considers the key industrial questions facing the media industries today; relates economic theory to business practice; covers a wide range of media activity - advertising, television, film, print media, and new media; and looks at the impact of economics on public policy. Understanding Media Economics offers a stimulating perspective on the contemporary media environment. This book will be an essential purchase for all students of the media and mass communication.
650 ## - SUBJECT ADDED ENTRY--TOPICAL TERM
Topical term or geographic name entry element Economics.
650 ## - SUBJECT ADDED ENTRY--TOPICAL TERM
Topical term or geographic name entry element Production.
650 ## - SUBJECT ADDED ENTRY--TOPICAL TERM
Topical term or geographic name entry element Mass media.
942 ## - ADDED ENTRY ELEMENTS (KOHA)
Source of classification or shelving scheme Dewey Decimal Classification
Koha item type Books
Suppress in OPAC No
Holdings
Withdrawn status Source of classification or shelving scheme Damaged status Not for loan Home library Current library Date acquired Source of acquisition Cost, normal purchase price Total checkouts Full call number Barcode Date last seen Price effective from Koha item type
  Dewey Decimal Classification     Nakuru Library Acquisition, Cataloguing, Classification and Distribution Development 05/11/2026 BAI 2997.00   338.4 DOY B228657 05/11/2026 05/11/2026 Books

© 2025, Kenya National Library Service | Designed & Maintained by Uvumbuzi Center